| 000 | 00462nam a2200169 4500 | ||
|---|---|---|---|
| 001 | 116487 | ||
| 003 | ES-MaACL | ||
| 005 | 20230906190721.0 | ||
| 007 | t| | ||
| 008 | 061121s1973 sp r ||||1| spa d | ||
| 100 | 1 |
_aOsuna, José María. _987838 |
|
| 245 | 1 | 3 |
_aLa novena provincia andaluza / _cJosé María Osuna. |
| 250 | _a1ª. ed. | ||
| 260 |
_aBarcelona : _bEdiciones 29, _c1973. |
||
| 300 |
_a193 p. ; _c19 cm. |
||
| 852 |
_aES-MaACL _jC-54513 _bR.87286 |
||
| 999 |
_c116487 _d116487 |
||